000
00218nam a22000857a 4500
008
170617b xxu||||| |||| 00| 0 eng d
100
_9
3478
_a
Lady Irw in College
245
_a
Home Science
260
_a
New Delhi
_b
N. B. T
_c
2007
999
_c
6852
_d
6852